Сайланма әсәрләр. Т. 2: Шигырьләр, публицистик цикллар, поэмалар, робагыйлар (Запись № 13415184)

Подробности
000 -МАРКЕР
контрольное поле 01612nam2a2200289 4500
001 - ИДЕНТИФИКАТОР ЗАПИСИ
контрольное поле RU\NLR\BIBL_A\011524615
005 - ИДЕНТИФИКАТОР ВЕРСИИ
контрольное поле 20260406072918.0
010 ## - МЕЖДУНАРОДНЫЙ СТАНДАРТНЫЙ НОМЕР КНИГИ (ISBN)
Номер (ISBN) 978-5-298-03449-4
Уточнения 2 т.
Тираж 2100
021 ## - НОМЕР ГОСУДАРСТВЕННОЙ РЕГИСТРАЦИИ
Код страны Российская Федерация
Номер 2017-78913
Номер Листа государственной регистраци 5630
035 ## - ДРУГИЕ СИСТЕМНЫЕ НОМЕРА
Идентификатор записи (RuMoRGB)009425849
035 ## - ДРУГИЕ СИСТЕМНЫЕ НОМЕРА
Идентификатор записи (NLR Aleph) 011524615
100 ## - ДАННЫЕ ОБЩЕЙ ОБРАБОТКИ
Данные общей обработки 20171114d2017 |||y0rusy50 ca
101 0# - ЯЗЫК РЕСУРСА
Язык текста, звукозаписи и т.д. татарский
-- русский
102 ## - СТРАНА ПУБЛИКАЦИИ ИЛИ ПРОИЗВОДСТВА
Страна публикации Российская Федерация
105 ## - ПОЛЕ КОДИРОВАННЫХ ДАННЫХ: ТЕКСТОВЫЕ МАТЕРИАЛЫ, МОНОГРАФИЧЕСКИЕ
Кодированные данные о монографическом текстовом документе c z 000gy
200 1# - ЗАГЛАВИЕ И СВЕДЕНИЯ ОБ ОТВЕТСТВЕННОСТИ
Основное заглавие Шигырьләр, публицистик цикллар, поэмалар, робагыйлар
Параллельное заглавие Стихи, публицистические циклы, поэмы, рубаи (1972-2016)
Язык параллельного заглавия русский
210 ## - ПУБЛИКАЦИЯ, РАСПРОСТРАНЕНИЕ И ДР.
Дата издания, распространения и т.д. 2017
Место издания, распространения и т.д. Б. м.
215 ## - ФИЗИЧЕСКАЯ ХАРАКТЕРИСТИКА
Специфическое обозначение материала и объем 399 с.
Другие сведения о физической характеристике портр.
461 #0 - УРОВЕНЬ НАБОРА
Встроенное поле 001RU\NLR\BIBL_A\011590264
-- 2001#$aСайланма әсәрләр$dИзбранные произведения$e[на татарском языке]$eбиш томда$fРәдиф Гаташ$g[редколлегия: Р. И. Вәлиев и др.]$zrus$vТ. 2
-- 700#1$aГаташ$bР.$f1941-$gРәдиф$3RU\NLR\auth-onl\77671
Системный номер (АБИС) связанной записи 10834335
Автор Гаташ, Р. (1941-)
Место публикации Казан
Дата публикации 2017
Первые сведения об ответственности Рәдиф Гаташ
Параллельное заглавие Избранные произведения
Имя издателя, распространителя и т.д. Татар. кит. нәшр.
Сведения, относящиеся к заглавию 5 т.
Заглавие Сайланма әсәрләр
ISBN 9785298034470
Номер тома Т. 2
510 1# - ПАРАЛЛЕЛЬНОЕ ЗАГЛАВИЕ
Связь между полями z20790
Параллельное заглавие Стихи, публицистические циклы, поэмы, рубаи (1972-2016)
Язык заглавия русский
790 #1 - ИМЯ ЛИЦА - АЛЬТЕРНАТИВНАЯ ФОРМА
Материалы, к которым относится поле rus
Графика поля Кириллица
Начальный элемент ввода Гаташ
Часть имени, кроме начального элемента ввода Р.
Даты 1941-
Расширение инициалов личного имени Радиф
Идентификатор авторитетной/нормативной записи RU\NLR\auth-onl\77672
Системный номер авторитетной/нормативной записи 130728
852 ## - МЕСТОНАХОЖДЕНИЕ И ШИФР ХРАНЕНИЯ
Идентификатор организации NLR
Наименование фонда или коллекции (Sub-Location Identifier) ОНЛ
Шифр хранения (Call Number) Татар./3-15104
942 ## - ДОПОЛНИТЕЛЬНЫЕ ЭЛЕМЕНТЫ ЗАПИСИ (АБИС)
Тип экземпляра АБИС Книга
980 ## - КОЛЛЕКЦИЯ
Название коллекции Национальная библиография
Экземпляры
Тип экземпляра Дата поступления Источник поступления Библиотека постоянного хранения Библиотека текущего хранения Место хранения Шифр хранения Штрих-код Статус экземпляра
Книга 14.11.2017 Обязательный экземпляр РНБ (Московский) РНБ (Московский) Фонд национальных литератур ОНЛ Татар./3-15104 1-2067779